000 nam a22 a 4500
999 _c434826
_d434826
003 BLK
005 20220525121240.0
008 200221b bu ||||| |||| 00| 0 bu d
020 _a9786197062144
040 _aBLK
041 _aBUL
_cBUL
080 _aБългарска литература
_b821.163.2
_x-7
_z821.163.2-7
100 _9297002
_aИлчевски, Николай Стефанов
_eпърви автор
139 _aИлчевски, Николай Стефанов
_bИ 58
245 _aКукумяв
_cНиколай Илчевски
260 _9219526
_aПловдив
_bАлитеа
_c2021
_fФаст принт букс
300 _a179 с.
_c24 см
380 _aX
942 _cKNG
_n0
_s1
_04
944 _aCR
_c2021-10-27
_l2021-10-27
999 _d434826